| 000 | 00504nam a2200169Ia 4500 | ||
|---|---|---|---|
| 003 | IN-BaIIA | ||
| 008 | 211028s9999 xx 000 0 eng d | ||
| 040 | _cIIA Library | ||
| 080 |
_a058(540) _bMAT |
||
| 100 |
_aMathew, K M. _911209 |
||
| 245 | 0 |
_aManorama year book 1990 _cK. M. Mathew |
|
| 260 |
_aKottayam _bMalayala Manorama _c1980 |
||
| 300 | _aix, 960p. | ||
| 650 | _aAstronomy and Astrophysics Thesaurus | ||
| 650 |
_aYear book _911210 |
||
| 942 | _cBK | ||
| 999 |
_c6544 _d6544 |
||